MARC details
| 000 -LEADER |
| fixed length control field |
008860000a22002890004500 |
| 003 - CONTROL NUMBER IDENTIFIER |
| control field |
LK-CoMWRAF |
| 008 - FIXED-LENGTH DATA ELEMENTS--GENERAL INFORMATION |
| fixed length control field |
230817t ||||| |||| 00| 0 eng d |
| 020 ## - INTERNATIONAL STANDARD BOOK NUMBER |
| International Standard Book Number |
9555991669 |
| 040 ## - CATALOGING SOURCE |
| Original cataloging agency |
LK-CoMWRAF |
| Modifying agency |
LK-CoMWRAF |
| Description conventions |
LK-CoMWRAF |
| 041 ## - LANGUAGE CODE |
| Language code of text/sound track or separate title |
English |
| 082 ## - DEWEY DECIMAL CLASSIFICATION NUMBER |
| Classification number |
151.5 |
| Item number |
WEE |
| 942 ## - ADDED ENTRY ELEMENTS (KOHA) |
| Koha item type |
Books |
| 100 ## - MAIN ENTRY--PERSONAL NAME |
| Personal name |
Weeramantry, C.G. |
| 245 ## - TITLE STATEMENT |
| Title |
Islamic Jurisprudence |
| Remainder of title |
An International Perspective |
| 260 ## - PUBLICATION, DISTRIBUTION, ETC. (IMPRINT) |
| Name of publisher, distributor, etc. |
Sarvodaya Vishva Lekha Publications |
| Place of publication, distribution, etc. |
Sri Lanka (Ratmalana) |
| Date of publication, distribution, etc. |
1999 |
| 300 ## - PHYSICAL DESCRIPTION |
| Extent |
p.207 |
| 650 ## - SUBJECT ADDED ENTRY--TOPICAL TERM |
| Topical term or geographic name as entry element |
Arabic Resurgence of Learning |
| 650 ## - SUBJECT ADDED ENTRY--TOPICAL TERM |
| Topical term or geographic name as entry element |
Islam and Human Rights |
| 650 ## - SUBJECT ADDED ENTRY--TOPICAL TERM |
| Topical term or geographic name as entry element |
Islamic Influences on European Legal Philosophy and Law |
| 650 ## - SUBJECT ADDED ENTRY--TOPICAL TERM |
| Topical term or geographic name as entry element |
Islamic International Law |
| 650 ## - SUBJECT ADDED ENTRY--TOPICAL TERM |
| Topical term or geographic name as entry element |
Law of Peace |
| 650 ## - SUBJECT ADDED ENTRY--TOPICAL TERM |
| Topical term or geographic name as entry element |
Law of War |
| 650 ## - SUBJECT ADDED ENTRY--TOPICAL TERM |
| Topical term or geographic name as entry element |
Origins of Islamic Law |
| 650 ## - SUBJECT ADDED ENTRY--TOPICAL TERM |
| Topical term or geographic name as entry element |
Schools Law |
| 650 ## - SUBJECT ADDED ENTRY--TOPICAL TERM |
| Topical term or geographic name as entry element |
Some basic Islamic Legal Ideas |
| 650 ## - SUBJECT ADDED ENTRY--TOPICAL TERM |
| Topical term or geographic name as entry element |
Sources of Islamic Law |